| 000 | nam a22 7a 4500 | ||
|---|---|---|---|
| 999 |
_c153713 _d153711 |
||
| 005 | 20200120112304.0 | ||
| 008 | 200120b sp ||||| |||| 00| 0 spa d | ||
| 020 | _a8436243188 | ||
| 050 | 0 | 4 |
_aKKT2476 _bD47 2001 |
| 245 | 0 | 3 |
_aEl derecho de la información _c/ coordinadores Pedro J. Tenorio Sánchez, Carmen Fernández Miranda. |
| 250 | _a1a ed. | ||
| 260 |
_aMadrid, España : _bUniversidad Nacional de Educación a Distancia, _c2001. |
||
| 300 |
_a382 p. ; _c24 cm. |
||
| 490 | 0 |
_aEstudios de la UNED ; _v33041. |
|
| 650 | 7 |
_2lemb _aLibertad de información _zEspaña |
|
| 700 | 1 |
_aTenorio Sánchez, Pedro J., _ecoordinador |
|
| 700 | 1 |
_aFernández Miranda, Carmen, _ecoordinador |
|
| 942 |
_2lcc _cLIB |
||